Detalles MARC
| 000 -LEADER |
| fixed length control field |
02235nam a2200505Ii 4500 |
| 001 - CONTROL NUMBER |
| control field |
DIGNARCEA0140 |
| 003 - CONTROL NUMBER IDENTIFIER |
| control field |
NyNyDIG |
| 006 - FIXED-LENGTH DATA ELEMENTS--ADDITIONAL MATERIAL CHARACTERISTICS |
| fixed length control field |
m o d |
| 007 - PHYSICAL DESCRIPTION FIXED FIELD--GENERAL INFORMATION |
| fixed length control field |
cr ||||||||||| |
| 008 - FIXED-LENGTH DATA ELEMENTS--GENERAL INFORMATION |
| fixed length control field |
220226s2014 sp ob 000 0 spa d |
| 035 ## - SYSTEM CONTROL NUMBER |
| System control number |
(OCoLC)1027166178 |
| 040 ## - CATALOGING SOURCE |
| Original cataloging agency |
DGITA |
| Language of cataloging |
eng |
| Description conventions |
rda |
| -- |
pn |
| Transcribing agency |
DGITA |
| 020 ## - INTERNATIONAL STANDARD BOOK NUMBER |
| International Standard Book Number |
9788427720213 |
| Qualifying information |
eBook |
| -- |
ePdf |
| 020 ## - INTERNATIONAL STANDARD BOOK NUMBER |
| Canceled/invalid ISBN |
9788427713666 |
| -- |
Papel |
| 041 1# - LANGUAGE CODE |
| Language code of text/sound track or separate title |
spa |
| Language code of original |
eng |
| 043 ## - GEOGRAPHIC AREA CODE |
| Geographic area code |
e-uk--- |
| 050 14 - LIBRARY OF CONGRESS CALL NUMBER |
| Classification number |
LB2822.84.G7 ebook |
| 100 1# - MAIN ENTRY--PERSONAL NAME |
| Personal name |
Hopkins, David, |
| Dates associated with a name |
1949- |
| Relator term |
author. |
| 240 10 - UNIFORM TITLE |
| Uniform title |
Creating the conditions for classroom improvement. |
| Language of a work |
Spanish |
| Version |
(Manzano Bernández) |
| 245 10 - TITLE STATEMENT |
| Title |
Crear condiciones para la mejora del trabajo en el aula : |
| Remainder of title |
manual para la formación del profesorado / |
| Statement of responsibility, etc. |
Mel Ainscow [and 4 others] ; traducción, Pablo Manzano. |
| 250 ## - EDITION STATEMENT |
| Edition statement |
Primera edición en ebook (Pdf) |
| 264 #1 - PRODUCTION, PUBLICATION, DISTRIBUTION, MANUFACTURE, AND COPYRIGHT NOTICE |
| Place of production, publication, distribution, manufacture |
Madrid : |
| Name of producer, publisher, distributor, manufacturer |
Narcea, S. A. de Ediciones, |
| Date of production, publication, distribution, manufacture, or copyright notice |
[2014] |
| 300 ## - PHYSICAL DESCRIPTION |
| Extent |
1 online resource. |
| 336 ## - CONTENT TYPE |
| Content type term |
text |
| Content type code |
txt |
| Source |
rdacontent |
| 337 ## - MEDIA TYPE |
| Media type term |
computer |
| Media type code |
c |
| Source |
rdamedia |
| 338 ## - CARRIER TYPE |
| Carrier type term |
online resource |
| Carrier type code |
cr |
| Source |
rdacarrier |
| 347 ## - DIGITAL FILE CHARACTERISTICS |
| File type |
text file |
| Source |
rdaft |
| 347 ## - DIGITAL FILE CHARACTERISTICS |
| Encoding format |
PDF |
| 490 1# - SERIES STATEMENT |
| Series statement |
Educación hoy estudios |
| 504 ## - BIBLIOGRAPHY, ETC. NOTE |
| Bibliography, etc. note |
Includes bibliographical references. |
| 588 0# - SOURCE OF DESCRIPTION NOTE |
| Source of description note |
Online resource; title from PDF title page (Digitalia, viewed February 26, 2022) |
| 650 #0 - SUBJECT ADDED ENTRY--TOPICAL TERM |
| Topical term or geographic name entry element |
School improvement programs |
| Geographic subdivision |
Great Britain. |
| 650 #0 - SUBJECT ADDED ENTRY--TOPICAL TERM |
| Topical term or geographic name entry element |
School management and organization |
| Geographic subdivision |
Great Britain. |
| 650 #0 - SUBJECT ADDED ENTRY--TOPICAL TERM |
| Topical term or geographic name entry element |
Educational change |
| Geographic subdivision |
Great Britain. |
| 655 #0 - INDEX TERM--GENRE/FORM |
| Genre/form data or focus term |
Electronic books. |
| 700 1# - ADDED ENTRY--PERSONAL NAME |
| Personal name |
Manzano Bernández, Pablo, |
| Relator term |
translator. |
| 700 1# - ADDED ENTRY--PERSONAL NAME |
| Relationship information |
Translation of: |
| Personal name |
Hopkins, David, |
| Dates associated with a name |
1949- |
| Title of a work |
Creating the conditions for classroom improvement. |
| 791 2# - |
| -- |
Digitalia (Firm), |
| -- |
distributor. |
| 793 0# - |
| -- |
Digitalia eBook Collection: |
| -- |
Narcea Ediciones |
| 776 08 - ADDITIONAL PHYSICAL FORM ENTRY |
| Relationship information |
Print version: |
| Main entry heading |
Hopkins, David, 1949- |
| Uniform title |
Creating the conditions for classroom improvement. Spanish (Manzano Bernández). |
| Title |
Crear condiciones para la mejora del trabajo en el aula. |
| Place, publisher, and date of publication |
Madrid : Narcea, S. A. de Ediciones, [2001] |
| International Standard Book Number |
9788427713666 |
| 830 #0 - SERIES ADDED ENTRY--UNIFORM TITLE |
| Uniform title |
Educación hoy (Narcea (Firm)). |
| Name of part/section of a work |
Estudios. |
| 856 40 - ELECTRONIC LOCATION AND ACCESS |
| Materials specified |
Digitalia Hispánica |
| Uniform Resource Identifier |
<a href="https://www.digitaliapublishing.com/a/28944/">https://www.digitaliapublishing.com/a/28944/</a> |
| 910 ## - USER-OPTION DATA (OCLC) |
| User-option data |
Premium collection: 2022 |
| 942 ## - ADDED ENTRY ELEMENTS (KOHA) |
| Koha item type |
Recurso Electrónico |